000 00966cam a2200253 a 4500
001 12169053
005 20260302143057.0
008 000909s2000 txua b 001 0 eng
020 _a0030258723
020 _a9780030258725
082 0 0 _a658.15
_221
100 1 _aBesley, Scott.
245 1 0 _aEssentials of managerial finance /
_cScott Besley, Eugene F. Brigham.
250 _a12th ed.
260 _aFort Worth :
_bDryden Press,
_cc2000.
300 _axxviii, 809 p. :
_bcol. ill. ;
_c26 cm.
440 4 _aThe Dryden Press series in finance
650 0 _aCorporations
_xFinance.
700 1 _aBrigham, Eugene F.,
_d1930-
856 4 2 _3Contributor biographical information
_uhttp://www.loc.gov/catdir/enhancements/fy1514/99076978-b.html
856 4 2 _3Publisher description
_uhttp://www.loc.gov/catdir/enhancements/fy1514/99076978-d.html
856 4 1 _3Table of contents only
_uhttp://www.loc.gov/catdir/enhancements/fy1514/99076978-t.html
942 _2lcc
_cBK
_n0
999 _c8836
_d8836